[Event "NED-ch 1981"]
[Site "Leeuwarden"]
[Date "1981.??.??"]
[Round "7"]
[White "Van der Vliet, Fred"]
[Black "Langeweg, Kick"]
[Result "0-1"]
[WhiteElo "2395"]
[BlackElo "2455"]
[PlyCount "66"]
[EventDate "1981.??.??"]
[Source "ChessBase"]
[SourceDate "1999.07.01"]

1. d4 Nf6 2. c4 e6 3. g3 c5 4. Nf3 cxd4 5. Nxd4 d5 6. Bg2 e5 7. Nf3 d4 8. O-O
Nc6 9. e3 Bc5 10. exd4 exd4 11. Nbd2 O-O 12. Nb3 Qb6 13. Bf4 Re8 14. Nxc5 Qxc5
15. Qb3 h6 16. Rfe1 Be6 17. Qxb7 Rad8 18. Ne5 Nxe5 19. Rxe5 Qxc4 20. Qc6 g5 21.
Bd2 Qd3 22. Qf3 Qg6 23. Rae1 Kg7 24. Ba5 Rd5 25. Qd1 Rxe5 26. Rxe5 Bg4 27. Qe1
Rxe5 28. Qxe5 Qb1+ 29. Qe1 Qxb2 30. h3 Be6 31. Qe5 Qb1+ 32. Kh2 Qf5 33. Qxd4
Qxa5 0-1

[Event "NED-ch 1981"]
[Site "Leeuwarden"]
[Date "1981.??.??"]
[Round "8"]
[White "Bohm, Hans"]
[Black "Hartoch, Rob"]
[Result "1/2-1/2"]
[WhiteElo "2410"]
[BlackElo "2405"]
[PlyCount "60"]
[EventDate "1981.??.??"]
[Source "ChessBase"]
[SourceDate "1999.07.01"]

1. d4 g6 2. c4 Bg7 3. Nc3 Nf6 4. g3 O-O 5. Bg2 d6 6. e3 Nbd7 7. Nge2 e5 8. b3
Re8 9. Ba3 exd4 10. exd4 Nf8 11. O-O Rb8 12. h3 h5 13. Qd2 Bf5 14. Rae1 Qd7 15.
Kh2 N8h7 16. Ng1 c6 17. Qf4 d5 18. cxd5 Nxd5 19. Nxd5 cxd5 20. Rxe8+ Rxe8 21.
Rc1 g5 22. Qd2 Be4 23. f3 Bf5 24. g4 hxg4 25. fxg4 Be4 26. Nf3 f6 27. Ne1 Bf8
28. Bxf8 Nxf8 29. Bxe4 Rxe4 30. Qf2 Qd6+ 1/2-1/2

[Event "NED-ch 1981"]
[Site "Leeuwarden"]
[Date "1981.??.??"]
[Round "8"]
[White "Langeweg, Kick"]
[Black "Ree, Hans"]
[Result "1/2-1/2"]
[WhiteElo "2455"]
[BlackElo "2485"]
[PlyCount "33"]
[EventDate "1981.??.??"]
[Source "ChessBase"]
[SourceDate "1999.07.01"]

1. d4 e6 2. c4 d5 3. Nf3 Nf6 4. g3 dxc4 5. Bg2 a6 6. Ne5 c5 7. Be3 Nd5 8. dxc5
Nd7 9. Nxc4 Nxe3 10. Nxe3 Bxc5 11. Nc4 O-O 12. O-O Qc7 13. Qb3 Rb8 14. Nc3 b5
15. Nd2 Bb7 16. Bxb7 Qxb7 17. a4 1/2-1/2

[Event "NED-ch 1981"]
[Site "Leeuwarden"]
[Date "1981.??.??"]
[Round "8"]
[White "Stehouwer, Coen"]
[Black "Van der Vliet, Fred"]
[Result "1/2-1/2"]
[WhiteElo "2200"]
[BlackElo "2395"]
[PlyCount "81"]
[EventDate "1981.??.??"]
[Source "ChessBase"]
[SourceDate "1999.07.01"]

1. e4 c5 2. Nc3 d6 3. Nge2 Nf6 4. g3 g6 5. Bg2 Nc6 6. d4 cxd4 7. Nxd4 Bd7 8.
O-O Bg7 9. Nde2 O-O 10. h3 Rc8 11. Be3 Qa5 12. Nd5 Rfe8 13. c3 Qa6 14. b3 Ne5
15. a4 Bc6 16. a5 Nxd5 17. exd5 Bb5 18. c4 Nxc4 19. bxc4 Bxc4 20. Nd4 Rc5 21.
Qa4 Rd8 22. Rfc1 Bxd5 23. Bxd5 Rxd5 24. Qd7 Rf8 25. Rc8 Rxa5 26. Rxa5 Qxa5 27.
Qxb7 g5 28. Nc6 Qa1+ 29. Kg2 Bf6 30. Rc7 e6 31. Qb4 Qd1 32. Nxa7 h6 33. Nb5
Qd5+ 34. Kh2 Rb8 35. Qxd6 Qxb5 36. Bd4 Bxd4 37. Qxd4 Qf5 38. h4 Qg6 39. Rc5
gxh4 40. Qxh4 Kh7 41. Re5 1/2-1/2

[Event "NED-ch 1981"]
[Site "Leeuwarden"]
[Date "1981.??.??"]
[Round "9"]
[White "Donner, Jan Hein"]
[Black "Langeweg, Kick"]
[Result "1/2-1/2"]
[WhiteElo "2475"]
[BlackElo "2455"]
[PlyCount "67"]
[EventDate "1981.??.??"]
[Source "ChessBase"]
[SourceDate "1999.07.01"]

1. d4 Nf6 2. c4 e6 3. Nc3 Bb4 4. e3 c5 5. Bd3 Nc6 6. Nf3 Bxc3+ 7. bxc3 d6 8. e4
e5 9. d5 Ne7 10. Nd2 Qa5 11. Qb3 O-O 12. Qc2 Ne8 13. f3 f5 14. exf5 Bxf5 15.
Ne4 Bxe4 16. Bxe4 Nf6 17. Bd3 e4 18. fxe4 Ng6 19. O-O Ng4 20. Rf5 N4e5 21. Be2
Ne7 22. Rg5 Rf6 23. Be3 h6 24. Rg3 Raf8 25. Rf1 Qd8 26. Rxf6 Rxf6 27. Qd2 N7g6
28. h4 Qf8 29. Bxh6 gxh6 30. h5 Kh7 31. hxg6+ Rxg6 32. Rxg6 Kxg6 33. Qe3 Qf6
34. Qh3 1/2-1/2

[Event "NED-ch 1981"]
[Site "Leeuwarden"]
[Date "1981.??.??"]
[Round "9"]
[White "Grooten, Herman"]
[Black "Boersma, Paul"]
[Result "0-1"]
[WhiteElo "2200"]
[BlackElo "2335"]
[PlyCount "114"]
[EventDate "1981.??.??"]
[Source "ChessBase"]
[SourceDate "1999.07.01"]

1. c4 e5 2. Nc3 Nf6 3. Nf3 Nc6 4. e3 Bb4 5. Qc2 Bxc3 6. Qxc3 Qe7 7. a3 d5 8.
cxd5 Nxd5 9. Qb3 Nb6 10. d3 a5 11. Be2 O-O 12. O-O a4 13. Qc2 Na5 14. Bd2 Nb3
15. Rad1 Bg4 16. Bc3 f6 17. Rfe1 Nd5 18. Nd2 Bxe2 19. Rxe2 Nxd2 20. Bxd2 Rfd8
21. e4 Nf4 22. Bxf4 exf4 23. d4 c6 24. f3 Qe6 25. h3 Qb3 26. Qxb3+ axb3 27.
Red2 b5 28. Rc1 Ra4 29. d5 cxd5 30. exd5 Rc4 31. Rcd1 Rd6 32. Rd4 g5 33. Kf2
Rc5 34. Ke2 Kf7 35. R1d3 Rc2+ 36. Rd2 Rc5 37. R4d3 Kg6 38. Rxb3 Rdxd5 39. Rxd5
Rxd5 40. Rc3 Re5+ 41. Kd2 Kh5 42. b4 Kh4 43. Rc5 Re3 44. Rc3 Re6 45. Kd3 Rd6+
46. Ke4 Rd2 47. Rc5 Rxg2 48. Rxb5 Kxh3 49. a4 Kg3 50. a5 Ra2 51. Rb6 Ra4 52. a6
h5 53. Kd5 h4 54. b5 h3 55. Rc6 Ra5 56. Kc4 h2 57. Kb4 Ra1 0-1

[Event "NED-ch 1981"]
[Site "Leeuwarden"]
[Date "1981.??.??"]
[Round "9"]
[White "Ligterink, Gert"]
[Black "Bohm, Hans"]
[Result "1-0"]
[WhiteElo "2430"]
[BlackElo "2410"]
[PlyCount "107"]
[EventDate "1981.??.??"]
[Source "ChessBase"]
[SourceDate "1999.07.01"]

1. d4 e6 2. c4 f5 3. Nc3 Nf6 4. e3 b6 5. Bd3 Bb7 6. f3 g6 7. Nge2 Bg7 8. O-O
O-O 9. Qc2 Qe7 10. a3 d6 11. Bd2 Nbd7 12. e4 fxe4 13. Nxe4 Nxe4 14. Bxe4 Bxe4
15. Qxe4 e5 16. Rae1 Qf7 17. d5 Nc5 18. Qe3 a5 19. b4 axb4 20. axb4 Nd7 21. Nc3
h6 22. Nb5 Nf6 23. Ra1 Kh7 24. Ra3 Rxa3 25. Nxa3 Ng8 26. Nb5 h5 27. Qa3 Qe7 28.
Re1 Bh6 29. Qd3 Qd7 30. Bxh6 Nxh6 31. Ra1 Rf7 32. Ra7 Qd8 33. Qc3 Nf5 34. Ra1
h4 35. Qd2 h3 36. g3 Qf6 37. Re1 g5 38. Qd3 Kg8 39. Qe4 Nh6 40. Rf1 Kg7 41. g4
Ng8 42. Nc3 Qg6 43. Qe2 Rf4 44. Ne4 Nf6 45. Ng3 e4 46. fxe4 Nxg4 47. c5 bxc5
48. bxc5 Ne5 49. cxd6 cxd6 50. Nh5+ Kh7 51. Nxf4 gxf4+ 52. Kh1 Qh6 53. Rg1 f3
54. Qf1 1-0

[Event "NED-ch 1981"]
[Site "Leeuwarden"]
[Date "1981.??.??"]
[Round "9"]
[White "Van der Vliet, Fred"]
[Black "Van der Wiel, John"]
[Result "1/2-1/2"]
[WhiteElo "2395"]
[BlackElo "2465"]
[PlyCount "45"]
[EventDate "1981.??.??"]
[Source "ChessBase"]
[SourceDate "1999.07.01"]

1. d4 Nf6 2. Nf3 e6 3. g3 c5 4. Bg2 Nc6 5. O-O Qb6 6. dxc5 Bxc5 7. c4 Ne4 8. e3
f5 9. Nbd2 Nxd2 10. Qxd2 O-O 11. Ne1 Ne5 12. b3 d6 13. Bb2 a5 14. Rb1 Qc7 15.
Nc2 Bd7 16. Nd4 a4 17. Bc3 Ra6 18. h3 axb3 19. axb3 Rfa8 20. Kh2 Ra2 21. Rb2
Rxb2 22. Qxb2 Qb6 23. Ra1 1/2-1/2

[Event "NED-ch 1981"]
[Site "Leeuwarden"]
[Date "1981.??.??"]
[Round "10"]
[White "Boersma, Paul"]
[Black "Timman, Jan"]
[Result "0-1"]
[WhiteElo "2335"]
[BlackElo "2620"]
[PlyCount "80"]
[EventDate "1981.??.??"]
[Source "ChessBase"]
[SourceDate "1999.07.01"]

1. d4 Nf6 2. c4 e6 3. Nc3 Bb4 4. e3 b6 5. Nge2 Ba6 6. a3 Bxc3+ 7. Nxc3 d5 8. b3
O-O 9. Be2 Nc6 10. a4 Qd7 11. O-O Rfd8 12. Bb2 Na5 13. Nb5 c6 14. Na3 Qe7 15.
Bc3 Rab8 16. Qc2 dxc4 17. Nxc4 Nxc4 18. bxc4 c5 19. a5 b5 20. cxb5 Bxb5 21.
Bxb5 Rxb5 22. Rfb1 Rxb1+ 23. Rxb1 Nd5 24. a6 Qd6 25. Ba5 Rc8 26. Qc4 h6 27. Rb7
Ne7 28. g3 cxd4 29. Qxd4 Qxa6 30. Rxe7 Qxa5 31. Rxa7 Rc1+ 32. Kg2 Qb5 33. Ra8+
Kh7 34. Ra4 Qf1+ 35. Kf3 Qh1+ 36. Kf4 Qxh2 37. Qe4+ f5 38. Qxe6 Qxf2+ 39. Ke5
Qxe3+ 40. Kxf5 Rc5+ 0-1

[Event "NED-ch 1981"]
[Site "Leeuwarden"]
[Date "1981.??.??"]
[Round "10"]
[White "Kuijf, Rini"]
[Black "Ligterink, Gert"]
[Result "1/2-1/2"]
[WhiteElo "2200"]
[BlackElo "2430"]
[PlyCount "54"]
[EventDate "1981.??.??"]
[Source "ChessBase"]
[SourceDate "1999.07.01"]

1. e4 c5 2. Nf3 e6 3. d4 cxd4 4. Nxd4 Nf6 5. Nc3 a6 6. Be3 Nc6 7. Nxc6 bxc6 8.
e5 Nd5 9. Nxd5 cxd5 10. Bd3 d6 11. Bf4 Be7 12. O-O O-O 13. exd6 Bxd6 14. Bxd6
Qxd6 15. c4 Bb7 16. Re1 Rad8 17. Qc2 g6 18. cxd5 exd5 19. Rac1 d4 20. Qc5 Qb8
21. Qc7 Qa8 22. Qg3 Bd5 23. h4 Rfe8 24. Rxe8+ Rxe8 25. h5 Be4 26. Rd1 Bxd3 27.
Qxd3 Rd8 1/2-1/2

[Event "NED-ch 1981"]
[Site "Leeuwarden"]
[Date "1981.??.??"]
[Round "10"]
[White "Langeweg, Kick"]
[Black "Grooten, Herman"]
[Result "1-0"]
[WhiteElo "2455"]
[BlackElo "2200"]
[PlyCount "63"]
[EventDate "1981.??.??"]
[Source "ChessBase"]
[SourceDate "1999.07.01"]

1. d4 Nf6 2. Nf3 e6 3. c4 b6 4. e3 d5 5. Bd3 Be7 6. O-O O-O 7. Nc3 Bb7 8. Qe2
Nbd7 9. Rd1 c5 10. b3 Qc7 11. Nb5 Qb8 12. Bb2 Re8 13. cxd5 exd5 14. Bf5 a6 15.
Nc3 cxd4 16. Nxd4 Nc5 17. Rac1 Qe5 18. Bh3 Bd6 19. g3 g6 20. b4 Ncd7 21. b5 Qg5
22. Nc6 Nc5 23. Bg2 Nce4 24. Bxe4 Nxe4 25. Nxd5 Re6 26. f4 Qh6 27. Ba1 axb5 28.
Qb2 f6 29. Qb3 Ra3 30. Nxf6+ Kf7 31. Nd8+ Ke7 32. Qxe6+ 1-0

[Event "NED-ch 1981"]
[Site "Leeuwarden"]
[Date "1981.??.??"]
[Round "10"]
[White "Stehouwer, Coen"]
[Black "Donner, Jan Hein"]
[Result "1/2-1/2"]
[WhiteElo "2200"]
[BlackElo "2475"]
[PlyCount "84"]
[EventDate "1981.??.??"]
[Source "ChessBase"]
[SourceDate "1999.07.01"]

1. e4 c6 2. d4 d5 3. exd5 cxd5 4. c4 Nf6 5. Nc3 e6 6. Nf3 Bb4 7. Bd3 O-O 8. O-O
dxc4 9. Bxc4 b6 10. Bg5 Bb7 11. Ne5 Be7 12. Re1 Nc6 13. Ba6 Qc8 14. Qf3 Na5 15.
Bxb7 Qxb7 16. Qxb7 Nxb7 17. Nc6 Bd6 18. Rac1 Rfe8 19. b4 Nd7 20. Rc2 a6 21.
Rec1 f6 22. Be3 Bf8 23. d5 Nd8 24. dxe6 Rxe6 25. Nd4 Re5 26. Bf4 Re8 27. Nd5
Re4 28. Be3 Re5 29. Nc7 Ra7 30. Nf3 Re4 31. Rd1 Re7 32. h3 Ne6 33. Nd5 Re8 34.
Nxb6 Nxb6 35. Bxb6 Rb7 36. Bc5 Nxc5 37. bxc5 Rc7 38. c6 Rec8 39. Nd4 Bd6 40.
Nf5 Bf8 41. Nd4 Bd6 42. Nb3 Bf8 1/2-1/2

[Event "NED-ch 1981"]
[Site "Leeuwarden"]
[Date "1981.??.??"]
[Round "10"]
[White "Van der Sterren, Paul"]
[Black "Hartoch, Rob"]
[Result "1-0"]
[WhiteElo "2440"]
[BlackElo "2405"]
[PlyCount "73"]
[EventDate "1981.??.??"]
[Source "ChessBase"]
[SourceDate "1999.07.01"]

1. e4 d6 2. d4 Nf6 3. Nc3 g6 4. f4 Bg7 5. Nf3 O-O 6. Bd3 Na6 7. O-O c5 8. d5
Nc7 9. Qe1 Bg4 10. f5 Bxf3 11. Rxf3 Nd7 12. Qh4 Bf6 13. Bg5 Bxg5 14. Qxg5 f6
15. Qh6 g5 16. h4 gxh4 17. Rh3 Rf7 18. Ne2 Ne5 19. Nf4 Rg7 20. Qxh4 Nf7 21. a4
Ng5 22. Re3 a6 23. Qe1 b5 24. c3 c4 25. Be2 Nf7 26. Bh5 Ne5 27. Qh4 bxa4 28.
Rh3 Rb8 29. Bg6 Nxg6 30. fxg6 hxg6 31. Ne6 Nxe6 32. Qh8+ Kf7 33. dxe6+ Kxe6 34.
Qxg7 Qb6+ 35. Kh2 Qxb2 36. Qxg6 Rb5 37. Qg4+ 1-0

[Event "NED-ch 1981"]
[Site "Leeuwarden"]
[Date "1981.??.??"]
[Round "10"]
[White "Van der Wiel, John"]
[Black "Bohm, Hans"]
[Result "0-1"]
[WhiteElo "2465"]
[BlackElo "2410"]
[PlyCount "94"]
[EventDate "1981.??.??"]
[Source "ChessBase"]
[SourceDate "1999.07.01"]

1. e4 Nf6 2. e5 Nd5 3. d4 d6 4. Nf3 Nc6 5. c4 Nb6 6. e6 fxe6 7. Bd3 e5 8. d5
Nb4 9. Be4 Bg4 10. a3 Na6 11. Qc2 Qd7 12. Ng5 Nc5 13. Bxh7 Rxh7 14. Qg6+ Kd8
15. Nxh7 Qf5 16. Qxf5 Bxf5 17. Nxf8 Nb3 18. Be3 Nxa1 19. Nd2 Nc2+ 20. Ke2 c6
21. Ne6+ Bxe6 22. dxe6 Kc7 23. h4 Rf8 24. h5 Nxe3 25. fxe3 d5 26. Rc1 dxc4 27.
Nxc4 Nxc4 28. Rxc4 Rh8 29. Rg4 Rxh5 30. Rxg7 Kd6 31. Rg8 e4 32. Kd2 Kxe6 33.
Rg4 Kd5 34. Rg7 Kd6 35. Rg6+ e6 36. Rg7 Rb5 37. Kc3 a5 38. b4 axb4+ 39. axb4
Rd5 40. Rxb7 Rd3+ 41. Kc4 Rxe3 42. b5 cxb5+ 43. Rxb5 Rd3 44. g4 Rd5 45. Rb1 Ke5
46. g5 e3 47. g6 Ke4 0-1

[Event "NED-ch 1981"]
[Site "Leeuwarden"]
[Date "1981.??.??"]
[Round "11"]
[White "Bohm, Hans"]
[Black "Kuijf, Rini"]
[Result "1/2-1/2"]
[WhiteElo "2410"]
[BlackElo "2200"]
[PlyCount "115"]
[EventDate "1981.??.??"]
[Source "ChessBase"]
[SourceDate "1999.07.01"]

1. d4 Nf6 2. c4 e6 3. Nc3 Bb4 4. Qc2 c5 5. dxc5 O-O 6. Nf3 Na6 7. g3 Nxc5 8.
Bd2 b6 9. Bg2 Bb7 10. O-O Nfe4 11. Rfd1 Qf6 12. Rac1 Rfc8 13. a3 Bxc3 14. Bxc3
Nxc3 15. Qxc3 Qxc3 16. Rxc3 Na4 17. Rc2 Be4 18. Rcd2 d5 19. cxd5 Bxd5 20. Ne5
Bxg2 21. Kxg2 f6 22. Nd3 e5 23. f4 exf4 24. gxf4 Rc7 25. Kf3 Rac8 26. Nf2 Kf8
27. h4 Nc5 28. e4 Re8 29. Rd8 Rce7 30. Rxe8+ Kxe8 31. Nd3 Rc7 32. Nb4 Ne6 33.
f5 Nc5 34. Nd5 Rd7 35. h5 Kf7 36. Ke3 Rd8 37. b4 Nb7 38. Rc1 Rd7 39. Rc8 Nd6
40. Rh8 Nxf5+ 41. Kf4 Ne7 42. Nxe7 Rxe7 43. Rc8 g6 44. hxg6+ hxg6 45. a4 g5+
46. Kf3 Ke6 47. a5 bxa5 48. bxa5 Rd7 49. Ke3 Rb7 50. Rc6+ Ke5 51. Rc5+ Kd6 52.
Rd5+ Ke6 53. Rc5 Rb3+ 54. Kd4 Rb4+ 55. Ke3 Kd6 56. Rf5 Ke6 57. Rc5 Rb3+ 58. Kd4
1/2-1/2

[Event "NED-ch 1981"]
[Site "Leeuwarden"]
[Date "1981.??.??"]
[Round "11"]
[White "Grooten, Herman"]
[Black "Stehouwer, Coen"]
[Result "1/2-1/2"]
[WhiteElo "2200"]
[BlackElo "2200"]
[PlyCount "81"]
[EventDate "1981.??.??"]
[Source "ChessBase"]
[SourceDate "1999.07.01"]

1. c4 e6 2. Nc3 Nf6 3. Nf3 Bb4 4. Qc2 O-O 5. a3 Bxc3 6. Qxc3 b6 7. b3 Bb7 8.
Bb2 d6 9. e3 e5 10. Be2 Ne4 11. Qc2 Nd7 12. O-O f5 13. Ne1 Qe7 14. d4 Ng5 15.
dxe5 dxe5 16. Nd3 Rae8 17. Rad1 f4 18. Bh5 f3 19. g3 Rd8 20. h4 Qe6 21. hxg5
Qh3 22. Ne1 Qxh5 23. c5 Ba6 24. c6 Bxf1 25. Rxd7 Rxd7 26. cxd7 Qh3 27. Bxe5 Be2
28. Qd2 Qf1+ 29. Kh2 Qxf2+ 30. Kh1 Qf1+ 31. Kh2 Qf2+ 32. Kh1 Qf1+ 33. Kh2 f2
34. Qd5+ Kh8 35. Bxg7+ Kxg7 36. Qe5+ Kg8 37. Qe6+ Kg7 38. Qh6+ Kg8 39. Qe6+ Kh8
40. Qf6+ Kg8 41. Qe6+ 1/2-1/2

[Event "NED-ch 1981"]
[Site "Leeuwarden"]
[Date "1981.??.??"]
[Round "11"]
[White "Hartoch, Rob"]
[Black "Boersma, Paul"]
[Result "1/2-1/2"]
[WhiteElo "2405"]
[BlackElo "2335"]
[PlyCount "49"]
[EventDate "1981.??.??"]
[Source "ChessBase"]
[SourceDate "1999.07.01"]

1. Nf3 Nf6 2. d4 g6 3. Bg5 Bg7 4. Nbd2 c5 5. c3 cxd4 6. cxd4 O-O 7. e3 Nc6 8.
Be2 d6 9. O-O h6 10. Bh4 Bf5 11. Qb3 Rb8 12. Rfc1 Be6 13. Qa3 Qb6 14. Nc4 Qb4
15. Qxb4 Nxb4 16. a3 Nc6 17. b4 Rfc8 18. Nfd2 b5 19. Bxf6 Bxf6 20. Na5 Nxa5 21.
bxa5 Bd7 22. Ne4 Bg7 23. Nc3 e5 24. Nd5 Kf8 25. dxe5 1/2-1/2

[Event "NED-ch 1981"]
[Site "Leeuwarden"]
[Date "1981.??.??"]
[Round "11"]
[White "Ligterink, Gert"]
[Black "Van der Sterren, Paul"]
[Result "1-0"]
[WhiteElo "2430"]
[BlackElo "2440"]
[PlyCount "61"]
[EventDate "1981.??.??"]
[Source "ChessBase"]
[SourceDate "1999.07.01"]

1. d4 e6 2. Nf3 c5 3. e4 cxd4 4. Nxd4 Nf6 5. Nc3 d6 6. f4 a6 7. Qf3 Qb6 8. Nb3
Qc7 9. g4 b5 10. g5 Nfd7 11. Bd3 Be7 12. Be3 Nc6 13. h4 Nb4 14. O-O O-O 15. Nd4
Re8 16. Qg3 Nc5 17. Rad1 Bb7 18. f5 e5 19. Nf3 d5 20. g6 Bf6 21. gxf7+ Kxf7 22.
Ng5+ Kg8 23. Ne6 Nxe6 24. fxe6 Kh8 25. exd5 Nxd5 26. Nxd5 Bxd5 27. Bxh7 Kxh7
28. Rxd5 Rxe6 29. Qg4 Rae8 30. Rd2 e4 31. Rxf6 1-0

[Event "NED-ch 1981"]
[Site "Leeuwarden"]
[Date "1981.??.??"]
[Round "11"]
[White "Ree, Hans"]
[Black "Van der Wiel, John"]
[Result "1/2-1/2"]
[WhiteElo "2485"]
[BlackElo "2465"]
[PlyCount "106"]
[EventDate "1981.??.??"]
[Source "ChessBase"]
[SourceDate "1999.07.01"]

1. c4 Nf6 2. g3 c6 3. Nf3 d5 4. b3 Bg4 5. Bg2 Bxf3 6. Bxf3 e5 7. O-O Bd6 8.
cxd5 cxd5 9. Nc3 e4 10. Bg2 Nc6 11. d3 Be5 12. Bd2 exd3 13. exd3 O-O 14. Rc1 h6
15. Na4 Rc8 16. Be3 b6 17. a3 b5 18. d4 Nxd4 19. Rxc8 Qxc8 20. Bxd4 Bxd4 21.
Qxd4 bxa4 22. Qxa4 Qc7 23. Qd4 Rb8 24. b4 a5 25. Rb1 axb4 26. axb4 Qb6 27. Qxb6
Rxb6 28. Kf1 Kf8 29. Ke2 Ke7 30. Kd3 Kd6 31. Kd4 Ra6 32. Rb2 Ra1 33. Bf3 Nd7
34. Be2 Ra3 35. f4 g6 36. Bd1 Nf8 37. Bb3 Ne6+ 38. Kc3 Ra1 39. Ra2 Rc1+ 40. Kd3
Rb1 41. Ra6+ Ke7 42. Ra7+ Kf6 43. Kc3 Rc1+ 44. Kd3 Rb1 45. Kc2 Rh1 46. Bxd5
Rxh2+ 47. Kc1 Rh3 48. Bxe6 Kxe6 49. Ra3 h5 50. b5 h4 51. Ra6+ Kf5 52. gxh4 Rb3
53. Ra5 Kxf4 1/2-1/2

[Event "NED-ch 1981"]
[Site "Leeuwarden"]
[Date "1981.??.??"]
[Round "12"]
[White "Langeweg, Kick"]
[Black "Hartoch, Rob"]
[Result "1/2-1/2"]
[WhiteElo "2455"]
[BlackElo "2405"]
[PlyCount "64"]
[EventDate "1981.??.??"]
[Source "ChessBase"]
[SourceDate "1999.07.01"]

1. d4 Nf6 2. Nf3 c5 3. d5 b5 4. Bg5 Bb7 5. Bxf6 exf6 6. e4 a6 7. Be2 Qb6 8. O-O
Bd6 9. c4 b4 10. Nbd2 O-O 11. Nh4 Be5 12. Rb1 d6 13. Kh1 Bc8 14. Bg4 Nd7 15. f4
Bd4 16. Nf5 Re8 17. Qa4 Ra7 18. Nb3 g6 19. Ng3 f5 20. Nxd4 cxd4 21. exf5 Nf6
22. Bh3 Rae7 23. fxg6 hxg6 24. Bxc8 Rxc8 25. f5 Ng4 26. Qd1 Ne3 27. Qf3 Qd8 28.
fxg6 fxg6 29. Qf6 Qf8 30. Qxd4 Rxc4 31. Qd3 Nxf1 32. Rxf1 Rh4 1/2-1/2

[Event "NED-ch 1981"]
[Site "Leeuwarden"]
[Date "1981.??.??"]
[Round "12"]
[White "Van der Sterren, Paul"]
[Black "Bohm, Hans"]
[Result "1-0"]
[WhiteElo "2440"]
[BlackElo "2410"]
[PlyCount "87"]
[EventDate "1981.??.??"]
[Source "ChessBase"]
[SourceDate "1999.07.01"]

1. e4 e6 2. d4 d5 3. Nc3 Bb4 4. e5 c5 5. a3 Bxc3+ 6. bxc3 Ne7 7. a4 Qa5 8. Qd2
Nbc6 9. Nf3 Bd7 10. Be2 f6 11. exf6 gxf6 12. dxc5 O-O-O 13. O-O Nf5 14. Re1
Rhg8 15. c4 Qxd2 16. Nxd2 Ncd4 17. Bd1 Bc6 18. c3 dxc4 19. g3 Nb3 20. Nxb3 cxb3
21. Bxb3 Bd5 22. Bxd5 exd5 23. Re6 Rgf8 24. Bf4 Kd7 25. Rae1 Rde8 26. Rxe8 Rxe8
27. Rxe8 Kxe8 28. g4 Nh4 29. Kf1 Kd7 30. Ke2 Ng6 31. Bb8 a6 32. f4 f5 33. gxf5
Nh4 34. f6 Ke6 35. Be5 h5 36. Kd3 Nf3 37. Ke2 Nh4 38. Ke3 Nf5+ 39. Kd3 Kf7 40.
c4 dxc4+ 41. Kxc4 Ne3+ 42. Kd4 Nf1 43. h3 Ng3 44. Kd5 1-0

[Event "NED-ch 1981"]
[Site "Leeuwarden"]
[Date "1981.??.??"]
[Round "12"]
[White "Van der Vliet, Fred"]
[Black "Grooten, Herman"]
[Result "0-1"]
[WhiteElo "2395"]
[BlackElo "2200"]
[PlyCount "80"]
[EventDate "1981.??.??"]
[Source "ChessBase"]
[SourceDate "1999.07.01"]

1. g3 e5 2. Bg2 d5 3. c4 d4 4. d3 Nf6 5. Nf3 Nc6 6. O-O Be7 7. Na3 O-O 8. Nc2
a5 9. b3 Nd7 10. Rb1 f5 11. a3 Nc5 12. b4 axb4 13. axb4 Na4 14. Bd2 e4 15. Nfe1
Ne5 16. Ra1 Bf6 17. c5 Kh8 18. dxe4 d3 19. exd3 Nxd3 20. Ra3 Ndb2 21. Qe2 fxe4
22. Bxe4 Be6 23. Ne3 c6 24. N1g2 Qe8 25. Rc1 Rd8 26. Be1 Rd4 27. Bc2 Bc4 28.
Qf3 Bg5 29. Nf4 Bxf4 30. gxf4 Rdxf4 31. Qh3 h6 32. Bxa4 Nd3 33. Rd1 Be6 34. Qg3
Rf3 35. Qd6 Nf4 36. Bc2 Nh3+ 37. Kh1 Nxf2+ 38. Bxf2 Rxf2 39. Rg1 Qf7 40. Qg3
Bd5+ 0-1

[Event "NED-ch 1981"]
[Site "Leeuwarden"]
[Date "1981.??.??"]
[Round "12"]
[White "Van der Wiel, John"]
[Black "Kuijf, Rini"]
[Result "1/2-1/2"]
[WhiteElo "2465"]
[BlackElo "2200"]
[PlyCount "63"]
[EventDate "1981.??.??"]
[Source "ChessBase"]
[SourceDate "1999.07.01"]

1. e4 c5 2. Nf3 e6 3. d4 cxd4 4. Nxd4 Nf6 5. Nc3 d6 6. g4 h6 7. g5 hxg5 8. Bxg5
Nc6 9. Qd2 Qb6 10. Nb3 Ne5 11. Qe2 Bd7 12. O-O-O Rc8 13. h4 Nc4 14. Rd4 Na5 15.
Be3 Qc7 16. Nb5 Bxb5 17. Qxb5+ Nc6 18. Ra4 a6 19. Qd3 d5 20. exd5 Nxd5 21. Bg2
Nxe3 22. Qxe3 Nb4 23. c3 Qd7 24. Ra5 Qd3 25. Nd4 Rh5 26. Ra4 Rc4 27. Rd1 Qxe3+
28. fxe3 Nd3+ 29. Rxd3 Rxa4 30. Bxb7 Rxa2 31. Kb1 Raa5 32. Bc6+ 1/2-1/2

[Event "NED-ch 1981"]
[Site "Leeuwarden"]
[Date "1981.??.??"]
[Round "13"]
[White "Bohm, Hans"]
[Black "Boersma, Paul"]
[Result "1/2-1/2"]
[WhiteElo "2410"]
[BlackElo "2335"]
[PlyCount "86"]
[EventDate "1981.??.??"]
[Source "ChessBase"]
[SourceDate "1999.07.01"]

1. d4 Nf6 2. c4 g6 3. Nc3 Bg7 4. e4 d6 5. g3 c5 6. Nge2 O-O 7. Bg2 Nc6 8. d5
Na5 9. b3 a6 10. Bb2 Rb8 11. O-O b5 12. cxb5 axb5 13. Rc1 b4 14. Nb1 Ba6 15.
Nd2 Qb6 16. Re1 Bb5 17. Ba1 Qa6 18. Bf1 Ra8 19. Nf4 Bxf1 20. Rxf1 Nd7 21. Bxg7
Kxg7 22. Nf3 Kg8 23. Nd3 Rfb8 24. Qd2 Nb7 25. Rc2 f6 26. h4 Nd8 27. h5 Nf8 28.
Kg2 Rb5 29. Rh1 Nf7 30. Nh4 Ra5 31. Nc1 Qb7 32. Qe2 Qd7 33. f4 e6 34. hxg6 hxg6
35. Nxg6 Nxg6 36. Qg4 Nfh8 37. dxe6 Qg7 38. f5 Ne5 39. Qxg7+ Kxg7 40. Rd1 R5a6
41. Rcd2 Nhf7 42. exf7 Nxf7 43. Re2 Ng5 1/2-1/2

[Event "NED-ch 1981"]
[Site "Leeuwarden"]
[Date "1981.??.??"]
[Round "13"]
[White "Donner, Jan Hein"]
[Black "Van der Wiel, John"]
[Result "1/2-1/2"]
[WhiteElo "2475"]
[BlackElo "2465"]
[PlyCount "58"]
[EventDate "1981.??.??"]
[Source "ChessBase"]
[SourceDate "1999.07.01"]

1. d4 Nf6 2. c4 e6 3. Nc3 Bb4 4. a3 Bxc3+ 5. bxc3 c5 6. f3 d5 7. cxd5 Nxd5 8.
dxc5 f5 9. Qc2 Qh4+ 10. g3 Qe7 11. e4 fxe4 12. fxe4 Nf6 13. Be3 Ng4 14. Qe2
Nxe3 15. Qxe3 O-O 16. Nf3 Nd7 17. c6 bxc6 18. Bc4 Rxf3 19. Qxf3 Ne5 20. Qe2 Qc5
21. Ba2 Qxc3+ 22. Kf2 Ba6 23. Bxe6+ Kh8 24. Qxa6 Qf3+ 25. Kg1 Qe3+ 26. Kg2
Qxe4+ 27. Kh3 Nf3 28. Bg4 Ng5+ 29. Kh4 Nf3+ 1/2-1/2

[Event "NED-ch 1981"]
[Site "Leeuwarden"]
[Date "1981.??.??"]
[Round "13"]
[White "Hartoch, Rob"]
[Black "Stehouwer, Coen"]
[Result "1/2-1/2"]
[WhiteElo "2405"]
[BlackElo "2200"]
[PlyCount "53"]
[EventDate "1981.??.??"]
[Source "ChessBase"]
[SourceDate "1999.07.01"]

1. Nf3 Nf6 2. d4 e6 3. g3 d5 4. Bg2 Be7 5. O-O O-O 6. c4 Nbd7 7. b3 c6 8. Nc3
b6 9. Bb2 Ba6 10. Nd2 b5 11. c5 e5 12. dxe5 Ng4 13. b4 Ngxe5 14. Qc2 f5 15.
Rad1 Bb7 16. Nb3 Nc4 17. Nd4 Qc8 18. Bc1 Nde5 19. Bh3 g6 20. e4 dxe4 21. Nxe4
a5 22. a3 Rd8 23. Qe2 Re8 24. Nc3 Bf6 25. Qc2 Qc7 26. Bg2 Rad8 27. Nde2 1/2-1/2

[Event "NED-ch 1981"]
[Site "Leeuwarden"]
[Date "1981.??.??"]
[Round "13"]
[White "Kuijf, Rini"]
[Black "Van der Sterren, Paul"]
[Result "0-1"]
[WhiteElo "2200"]
[BlackElo "2440"]
[PlyCount "98"]
[EventDate "1981.??.??"]
[Source "ChessBase"]
[SourceDate "1999.07.01"]

1. e4 e5 2. Nf3 Nc6 3. Bb5 a6 4. Ba4 Nf6 5. d4 exd4 6. O-O Be7 7. Re1 b5 8. Bb3
d6 9. Bd5 Nxd5 10. exd5 Ne5 11. Nxd4 Bd7 12. b3 O-O 13. Bb2 Qc8 14. Nc3 Re8 15.
h3 Qb7 16. f4 Ng6 17. Qf3 Qb6 18. Rad1 b4 19. Ne4 Bh4 20. g3 f5 21. Ng5 Bxg5
22. fxg5 Re5 23. Kh2 Qc5 24. Ne2 Re4 25. c4 Rae8 26. Qf1 c6 27. dxc6 Bxc6 28.
Nd4 f4 29. Rxe4 Rxe4 30. Nxc6 Qxc6 31. Re1 Qe8 32. Rxe4 Qxe4 33. Qf2 f3 34. Bd4
Ne5 35. g4 Qf4+ 36. Kh1 Qc1+ 37. Kh2 Qf4+ 38. Kh1 Kf7 39. Be3 Qe4 40. Bd2 Ke6
41. Kh2 Nd3 42. Qe3 Qxe3 43. Bxe3 Ke5 44. h4 g6 45. Kg3 Ke4 46. Bb6 Nc5 47. Kf2
Kf4 48. h5 Ne4+ 49. Kf1 Kg3 0-1